Университетское гуманитарное образование в России: к 70-летию со дня рождения профессора А. В. Арсентьевой Материалы Международной научно-практической конференции (Чебоксары, 16-17 декабря 2024 г.)
В сборнике представлены статьи участников Международной научно-практической конференции посвященные актуальным вопросам современного университетского гуманитарного образования и 70-летию со дня рождения профессора А.В. Арсентьевой. В материалах сборника приведены результаты теоретических и прикладны...
Na minha lista:
| Formato: | Материалы конференций |
|---|---|
| Edição: | 1 |
| Acesso em linha: | https://znanium.ru/catalog/document?id=463101 https://znanium.ru/cover/2205/2205934.jpg |
| Tags: |
Adicionar Tag
Sem tags, seja o primeiro a adicionar uma tag!
|
| LEADER | 03277nam0a2200325 i 4500 | ||
|---|---|---|---|
| 001 | RU\infra-m\znanium\bibl\2205934 | ||
| 003 | https://znanium.ru/catalog/document?id=463101 | ||
| 005 | 20250716000000.0 | ||
| 010 | |a 978-5-907830-93-6 | ||
| 100 | |a 20250716d2025 m y0rusy0150 ca | ||
| 101 | 0 | |a rus | |
| 102 | |a RU | ||
| 200 | 1 | |a Университетское гуманитарное образование в России: к 70-летию со дня рождения профессора А. В. Арсентьевой |e Материалы Международной научно-практической конференции (Чебоксары, 16-17 декабря 2024 г.) |e Материалы конференций |f Чувашский государственный университет им. И.Н. Ульянова | |
| 205 | |a 1 | ||
| 210 | 1 | |a Чебоксары |c ООО "Издательский дом "Среда" |d 2024 | |
| 215 | |a 384 с. | ||
| 330 | |a В сборнике представлены статьи участников Международной научно-практической конференции посвященные актуальным вопросам современного университетского гуманитарного образования и 70-летию со дня рождения профессора А.В. Арсентьевой. В материалах сборника приведены результаты теоретических и прикладных изысканий представителей научного и образовательного сообщества в области гуманитарного образования. Статьи представлены в авторской редакции. | ||
| 333 | |a ВО - Магистратура | ||
| 606 | |a Педагогика. Образование |x Организация образования |2 local | ||
| 608 | |a Материалы конференций |2 local | ||
| 675 | |a 378 |z rus | ||
| 686 | |a 744 |2 rubbk | ||
| 686 | |a 44.04.01 |2 okso | ||
| 702 | 1 | |a Широков |b О.Н. |g Олег Николаевич |p Чувашский государственный университет им. И.Н. Ульянова |r Ред. коллегия | |
| 702 | 1 | |a Иванова |b Т.Н. |g Татьяна Николаевна |p Чувашский государственный университет им. И.Н. Ульянова |r Ред. коллегия | |
| 702 | 1 | |a Зыкина |b А.П. |g Алевтина Петровна |p Чувашский государственный университет им. И.Н. Ульянова |r Ред. коллегия | |
| 702 | 1 | |a Ялтаев |b Д.А. |g Дмитрий Анатольевич |p Чувашский государственный университет им. И.Н. Ульянова |r Ред. коллегия | |
| 801 | 0 | |a RU |b Общество с ограниченной ответственностью «ЗНАНИУМ» |c 20250410 |2 rusmarc | |
| 856 | 4 | |a znanium.ru |m ebs_support@infra-m.ru |n НИЦ ИНФРА-М |u https://znanium.ru/catalog/document?id=463101 | |
| 856 | 4 | 1 | |a znanium.ru |d /cover/2205 |f 2205934.jpg |q image/jpeg |u https://znanium.ru/cover/2205/2205934.jpg |